Responses for Show #2039 - Thursday, June 17, 1993

Contestants

[<< previous game]

Kevin Dunn, a media coordinator from Decatur, Georgia

Cliff Leach, a lobbyist from West Hartford, Connecticut

Maryann Price, a homemaker from Convent Station, New Jersey

[next game >>]

Jeopardy! Round responses

U.S. HISTORY
MOVIE QUOTES
JOURNALISM 101
OAHU
THE "LONG" & THE "SHORT" OF IT
ODDS & ENDS
    $100 2
the Civil War

Maryann
    $100 1
Bob Hope

Cliff
    $100 23
pages

Kevin
    $100 15
leis

Maryann
    $100 13
shortening

Kevin
    $100 11
seven

Kevin
    $200 4
a submarine

Cliff
    $200 3
Citizen Kane

Cliff
    $200 24
headlines

Kevin
    $200 17
Magnum, P.I.

Cliff
    $200 14
shorthand

Cliff
    $200 12
Friday

Cliff
    $300 5
(Charles) Lindbergh

Maryann
    $300 6
Bette Davis

Cliff
    $300 25
a byline

Maryann
    $300 18
Dole

Cliff
    $300 30
(Henry Wadsworth) Longfellow

Kevin
    $300 16
Atomic Energy Commission

Cliff
    $400 7
the Indian head

Cliff
    $400 9
Ronald Reagan

Maryann
    $400 26
the lead

Cliff
    $400 19
(Kevin: What is Mauna Loa?)

Diamond Head

Kevin
Triple Stumper
    $400 29
Bobby Short

Kevin
    $400 21
(Cliff: What is glass?)

quartz

Cliff
Triple Stumper
    $500 8
the Boston Massacre

Kevin
    $500 10
The Sound of Music

Maryann
    $500 27
the city desk

Kevin
    $500 20
Father Damien

Maryann
    $500 28
(Nicholas) Longworth

Maryann
    $500 22
the Washington Bullets

Cliff

Scores at the first commercial break (after clue 15):

Maryann Cliff Kevin
$1,400 $1,600 $700

Scores at the end of the Jeopardy! Round:

Maryann Cliff Kevin
$2,700 $2,900 $1,800

Double Jeopardy! Round responses

AROUND THE WORLD
WEIGHTS & MEASURES
CABINET MEMBERS
YE GODS!
EARS
LITERATURE
    $200 16
the Alps

Cliff
    $200 21
a cord

Cliff
    $200 6
Robert Kennedy

Cliff
    $200 1
Odin

Kevin
    $200 24
the elephant

Maryann
    $200 11
the French Revolution

Cliff
    $400 17
Wellington

Maryann
    $400 22
a ream

Kevin
    $400 7
(William) Seward

Cliff
    $400 2
Neptune (or Poseidon)

Maryann
    $400 25
earwax

Kevin
    $400 12
Of Mice and Men

Maryann
    $600 18
(Cliff: What is Russia?)

Canada

MaryannCliff
    $600 23
a quart

Kevin
    $600 8
Secretary of Agriculture

Cliff
    $600 3
Mars

Kevin
    $600 26
the Eustachian tube

Maryann
    $600 13
Ulysses

Cliff
    $800 19
the Tigris

Maryann
    $800 27
16

Maryann
    $800 9
(Dick) Cheney

Cliff
    $800 4
(Kevin: Who are nightmares?)

dreams

Kevin
Triple Stumper
    $800 29
tinnitus

Kevin
    $800 14
Greece

Cliff
    $2,000 20
(Maryann: What is English?)

Portuguese

Maryann
    $1000 28
(Maryann: What's a hectare?)

one square mile

Maryann
Triple Stumper
    $2,000 10
Secretary of the Interior

Cliff
    $1000 5
Apollo

Cliff
    $1000 30
the cochlea

Kevin
    $1000 15
(Alex: Almost went for the other one, didn't you?)
(Cliff: Yes, I did.)

The Caine Mutiny

Cliff

Scores at the end of the Double Jeopardy! Round:

Maryann Cliff Kevin
$3,900 $10,300 $5,000
(lock game)

[wagering suggestions for these scores]

Final Jeopardy! Round responses

PORT CITIES
(Alex: [Revealing Kevin's response] Correct, yes, by a margin of about 4 to 1 over Charleston, as a matter of fact. Charleston was number two.)
MaryannWhat is Charleston?
$2,000
KevinWhat was New Orleans?
$4,999
CliffWhat is New Orleans?
$299
New Orleans

Final scores:

Maryann Cliff Kevin
$1,900 $10,599 $9,999
3rd place: a multi-diamond pendant from Fior-Drissage + Jeopardy! 25th Anniversary computer game or Jeopardy! '92 home game New champion: $10,599 + Jeopardy! 25th Anniversary computer game or Jeopardy! '92 home game 2nd place: a trip for 2 to Reno, NV including air travel and hotel + Jeopardy! 25th Anniversary computer game or Jeopardy! '92 home game

Game dynamics:

Coryat scores:

Maryann Cliff Kevin
$5,900 $9,300 $5,000
16 R
(including 1 DD),
2 W
(including 1 DD)
24 R
(including 1 DD),
2 W
15 R,
2 W

Combined Coryat: $20,200

[game clues] [game scores] [suggest correction]

Game tape date: 1993-02-02
The J! Archive is created by fans, for fans. Scraping, republication, monetization, and malicious use prohibited; this site may use cookies and collect identifying information. See terms. The Jeopardy! game show and all elements thereof, including but not limited to copyright and trademark thereto, are the property of Jeopardy Productions, Inc. and are protected under law. This website is not affiliated with, sponsored by, or operated by Jeopardy Productions, Inc. Join the discussion at JBoard.tv.